| 000 | 00499nam a22001937a 4500 | ||
|---|---|---|---|
| 005 | 20260530162418.0 | ||
| 008 | 260530b |||||||| |||| 00| 0 eng d | ||
| 020 |
_a9783111357850 _c2132.65 |
||
| 040 | _aMAIN | ||
| 041 | _aGerman | ||
| 082 |
_a320.014 _bSPR |
||
| 100 |
_aKamper, Heidrun _926967 |
||
| 245 | _aSprache in Politik Und Gesellschaft | ||
| 260 |
_aBerlin _bDe Gruyter _c2023 |
||
| 300 | _a338 | ||
| 650 | _aGerman Language | ||
| 700 |
_aPlewnia, Albrecht (ed) _926968 |
||
| 942 | _cBK | ||
| 999 |
_c60940 _d60940 |
||